01782cam a22002655a 4500999001700000005001700017008004100034020001800075040005000093082002000143100002300163245016100186250001200347260004800359300003300407504005100440520071000491650005701201650003701258651001001295653002401305700002401329942000801353952015501361 c27339d2731020190415111153.0120903s2013 enka frb 001 0 eng d a9780273735069 aStDuBDSbengcStDuBDSdUkdEG-ScBUEdEG-ScBUE04a150.72bMCQ2221 aMcQueen, Ronald A.10aIntroduction to research methods and statistics in psychology :ba practical guide for the undergraduate researcher /cRonald A. McQueen, Christina Knussen. a2nd ed. aHarlow :bPearson Education Limited,c2013. axx, 550 p. :bill. ;c24 cm. aIncludes bibliographical references and index. aIntroduction to Research Methods and Statistics in Psychology is a new type of textbook. It is almost entirely student-centred, eminently practical and brings together a wealth of experience in the teaching of undergraduate research. This book is not just a guide to the conduct of psychological research, it is also an effective support system for the particular problems, concerns and fears encountered by most students at some point in their research lives. In structure, the book is divided into a number of well-defined parts, each dealing with a major element of the research process and combining to produce a step-by-step guide for the student embarking on a major piece of undergraduate research. 7aPsychologyxResearchxMethodologyvTextbooks.2BUEsh 7aPsychometricsvTextbooks.2BUEsh 2BUEsh bHHUUPPSScApril20191 aKnussen, Christina. 2ddc 00102ddc40708AlahramaMAINbMAINcLOWd2019-04-01ePurchaseg269.00h525l2m2o150.72 MCQp000043308r2025-07-15 00:00:00s2021-12-06v336.25yBB